Sociální vývoj Československa 1918-1983

Guardado en:
Detalles Bibliográficos
Autor principal: Deyl, Zdeněk
Formato: Libro
Lenguaje:checo
Publicado: Praha Academia 1985
Edición:1. vyd.
Etiquetas: Agregar Etiqueta
Sin Etiquetas, Sea el primero en etiquetar este registro!

MARC

LEADER 00000nam a2200000 4500
001 c028421
005 20221220082325.6
041 0 |a cze 
044 |a CZ 
245 1 0 |a Sociální vývoj Československa 1918-1983  |c Zdeněk Deyl 
250 |a 1. vyd. 
264 1 |a Praha  |b Academia  |c 1985 
300 |a 221 s. 
100 1 |a Deyl, Zdeněk